Subjects of Controlling in a Selected Sector

Enregistré dans:
Détails bibliographiques
Auteur principal: Mišúnová Hudáková, Ivana, 1976-
Autres auteurs: Mišún, Juraj, 1978-
Format: Chapitre de livre
Langue:anglais
Sujets:
Tags: Ajouter un tag
Pas de tags, Soyez le premier à ajouter un tag!

MARC

LEADER 00000nla a2200000 4500
001 0237482
005 20240502083635.7
041 0 |a eng 
044 |a TR 
245 1 0 |a Subjects of Controlling in a Selected Sector  |c Ivana Misunová Hudakova, Juraj Misun 
500 |a Abstrakt 
610 2 0 |a manažment 
610 2 0 |a riadenie 
610 2 0 |a funkcie riadenia 
610 2 0 |a financie podnikové 
610 2 0 |a kontroling 
610 2 0 |a poľnohospodárstvo 
610 2 0 |a poľnohospodárstvo ekologické 
610 2 0 |a kontrola 
610 2 0 |a Slovensko 
100 1 |a Mišúnová Hudáková, Ivana, 1976- 
700 1 |a Mišún, Juraj, 1978-